Por un sistema de precios diferenciales de los medicamentos /

সংরক্ষণ করুন:
গ্রন্থ-পঞ্জীর বিবরন
প্রধান লেখক: Costa-I-Font, Joan
অন্যান্য লেখক: Font Vilalta, Monserrat
বিন্যাস: পাঠ‍্য
বিষয়গুলি:
ট্যাগগুলো: ট্যাগ যুক্ত করুন
কোনো ট্যাগ নেই, প্রথমজন হিসাবে ট্যাগ করুন!

MARC

LEADER 00000 a a2200000 04500
001 3592
003
040
100 |a Costa-I-Font, Joan  
245 |a Por un sistema de precios diferenciales de los medicamentos /  |c Joan Costa-I-Font ; Monserrat Font Vilalta 
500 |a Resumen también en inglés páginas 470  
650 |a MEDICAMENTOS  
650 |a PRECIOS REGULADOS  
650 |a PROPIEDAD INTELECTUAL  
650 |a PAISES EN DESARROLLO  
650 |a SALUD PUBLICA  
700 |a Font Vilalta, Monserrat  
773 |g volumen 55, número 5; páginas 418-424  
999 |c 30816  |d 30816